000 01141cab a2200241 4500
001 ABS57977
008 090401t1997 xxu||||| |||| 00| 0 eng d
035 _a(Sirsi) u81996
041 _aeng
245 _aR v O`Brien and Hertsmere BC
260 _c1997
350 _a0
490 _aProperty, planning & compensation reports
_v(1997) 74 P&CR 264-269(6)
520 _aQBD 3 March 1997. O had a business displaying advertisements on hoardings. In this instance there was no express or deemed consent, as required by Town & Country Planning Act 1990 and the Control of Advertisements Regulations 1992. Enforcement officer found no consent for advertisement. O was fined. Crown Court dismissed an appeal. Held, unnecessary for prosecution to produce register of advertisement consents, or for a re-hearing of the matter.
650 _aADVERTISEMENTS
650 _aPLANNING CONTROL
650 _aR V O`BRIEN AND HERTSMERE BC
650 _aTOWN AND COUNTRY PLANNING (CONTROL OF ADVERTISEMENTS)
650 _aTOWN AND COUNTRY PLANNING ACT 1990
690 _aPLANNING LAW AND PRACTICE-CASE LAW
942 _n0
948 _c11/11/1997
999 _c51707
_d51707